000 00552cam a22001937a 4500
001 34845
005 20230410102131.0
008 851010s1985 dr a 000 0 spa
035 _9(DLC) 85595423
035 _a4290581
010 _a 85595423
040 _aDLC
_cDLC
_dDLC
050 1 4 _a118 PQ 7406 A473m 1985
100 1 _aAlvarez, Ildefonso M.
245 1 0 _aMaggi Blues y otros poemas /
_cIldefonso M. Alvarez.
260 _aSanto Domingo, República Dominicana :
_bTaller,
_cc1985.
300 _a87 p. :
_bill. ;
_c21 cm.
942 _2lcc
_cbk
999 _c19700
_d19700